000 01636cam a2200361 a 4500
999 _c126771
_d126771
001 14075673
003 ARRUPE
005 20170825114203.0
008 050816s2005 pau e 001 0 eng
010 _a 2005280893
020 _a0819281182
035 _a(OCoLC)ocm61193295
040 _aVTS
_cVTS
_dDLC
042 _alccopycat
050 0 0 _aBR115.A8
_bW53 2005
082 0 0 _a261.5/7
_222
100 1 _aWilliams, Rowan,
_d1950-
_935216
245 1 0 _aGrace and necessity :
_breflections on art and love /
_cRowan Williams.
260 _aHarrisburg, PA :
_bMorehouse,
_c2005.
300 _axiii, 172 p. ;
_c21 cm.
440 0 _aClark lectures
_v2005
_935217
500 _aFirst delivered as lectures in February and March 2005.
504 _aIncludes bibliographical references and index.
600 1 0 _aMaritain, Jacques,
_d1882-1973
_xAesthetics.
_917738
600 1 0 _aO'Connor, Flannery
_xCriticism and interpretation.
_935218
600 1 0 _aJones, David,
_d1895-1974
_xCriticism and interpretation.
_935219
650 0 _aChristianity and the arts.
_92756
650 0 _aCreation (Literary, artistic, etc.)
_xReligious aspects
_xChristianity.
_935220
906 _a7
_bcbc
_ccopycat
_d2
_encip
_f20
_gy-gencatlg
942 _2lcc
_cMONOGRAPH